[Event "GER-chT Federal Cup (Women)"]
[Site "Braunfels"]
[Date "2025.06.19"]
[Round "1.10"]
[White "Khuong, Thi Hong Nhung"]
[Black "Naumann, Nadine"]
[Result "1/2-1/2"]
[WhiteElo "1970"]
[BlackElo "1937"]
[PlyCount "58"]
[EventDate "2025.06.19"]
[EventType "team-swiss"]
[EventRounds "5"]
[EventCountry "GER"]
[SourceTitle "CB26_2025"]
[SourceDate "2025.06.25"]
[SourceVersion "1"]
[SourceVersionDate "2025.06.25"]
[SourceQuality "1"]
[WhiteTeam "Berlin (W)"]
[BlackTeam "Niedersachsen (W)"]
[WhiteTeamCountry "GER"]
[BlackTeamCountry "GER"]

1. d4 d5 2. Nf3 e6 3. g3 Nf6 4. Bg2 Be7 5. 0-0 0-0 6. b3 c5 7. c3 Nc6 8. Bb2 Ne4 9. Nfd2 f5 10. e3 b6 11. Na3 cxd4 12. cxd4 Nxd2 13. Qxd2 Ba6 14. Rfc1 Bb4 15. Qd1 Rc8 16. Nc2 Bd6 17. Ne1 Qe7 18. Bf1 Bxf1 19. Kxf1 Rc7 20. Nd3 Rfc8 21. Bc3 Qf6 22. a4 a5 23. Qd2 Qf8 24. Kg2 h6 25. h4 g6 26. Rab1 Ba3 27. Bb2 Bd6 28. Bc3 Ba3 29. Bb2 Bd6 1/2-1/2

[Event "BL2 Ost 1415 (Women)"]
[Site "Germany"]
[Date "2014.11.30"]
[Round "4.2"]
[White "Khutsidze, Sopo"]
[Black "Khuong, Thi Hong Nhung"]
[Result "1-0"]
[WhiteElo "1885"]
[BlackElo "2040"]
[PlyCount "65"]
[EventDate "2014.09.27"]
[EventType "team-tourn"]
[EventRounds "7"]
[EventCountry "GER"]
[SourceTitle "CBM 166 Extra"]
[Source "ChessBase"]
[SourceDate "2015.06.18"]
[SourceVersion "1"]
[SourceVersionDate "2015.06.18"]
[SourceQuality "1"]
[WhiteTeam "Friedberg (W) II"]
[BlackTeam "Berlin Empor (W)"]
[WhiteTeamCountry "GER"]
[BlackTeamCountry "GER"]

1. d4 d5 2. c4 e6 3. Nc3 Nf6 4. a3 a5 5. Bg5 c6 6. e3 Be7 7. Bd3 dxc4 8. Bxc4 b5 9. Bd3 Bb7 10. Nf3 0-0 11. 0-0 h6 12. Bh4 Na6 13. Rc1 Rc8 14. Bxf6 Bxf6 15. Ne4 Be7 16. Qe2 Qb6 17. Ne5 Nb8 18. Rfd1 Rcd8 19. Bb1 f5 20. Ng3 Kh7 21. Ba2 c5 22. Qh5 Rf6 23. Nf7 Rf8 24. Ng5+ Kh8 25. dxc5 Bxc5 26. Nxe6 Rxe6 27. Bxe6 Bxe3 28. fxe3 Qxe3+ 29. Kh1 Qxe6 30. Qe2 Qxe2 31. Nxe2 f4 32. Nd4 Na6 33. Ne6 1-0

[Event "BL2 Ost 1415 (Women)"]
[Site "Germany"]
[Date "2014.11.29"]
[Round "3.3"]
[White "Anisheva, Varvara"]
[Black "Khuong, Thi Hong Nhung"]
[Result "1-0"]
[WhiteElo "2129"]
[BlackElo "2040"]
[PlyCount "97"]
[EventDate "2014.09.27"]
[EventType "team-tourn"]
[EventRounds "7"]
[EventCountry "GER"]
[SourceTitle "CBM 166 Extra"]
[Source "ChessBase"]
[SourceDate "2015.06.18"]
[SourceVersion "1"]
[SourceVersionDate "2015.06.18"]
[SourceQuality "1"]
[WhiteTeam "Erfurt Medizin (W)"]
[BlackTeam "Berlin Empor (W)"]
[WhiteTeamCountry "GER"]
[BlackTeamCountry "GER"]

1. e4 e5 2. Nf3 Nc6 3. Bc4 d6 4. c3 Bg4 5. Qb3 Na5 6. Bxf7+ Ke7 7. Qa4 Kxf7 8. Qxa5 c6 9. Qxd8 Rxd8 10. d3 Bxf3 11. gxf3 d5 12. Be3 b6 13. Ke2 Nf6 14. Nd2 Bd6 15. a4 Nh5 16. d4 exd4 17. cxd4 Nf4+ 18. Kf1 Ne6 19. a5 b5 20. e5 Bb4 21. Nb3 Rhf8 22. Rg1 Kg8 23. Rg3 Rf5 24. Rc1 c5 25. Nxc5 Nxc5 26. dxc5 d4 27. Bg5 Rxg5 28. Rxg5 Bd2 29. Rd1 Bxg5 30. c6 Rc8 31. Rxd4 Rxc6 32. f4 Be7 33. Rd7 Bc5 34. f5 Kf8 35. e6 Rc8 36. b4 Bxb4 37. Rxa7 Rc4 38. Rf7+ Ke8 39. a6 Rc1+ 40. Kg2 Ra1 41. Rxg7 Rxa6 42. Rb7 Ra2 43. f6 Kd8 44. Rxb5 Bc3 45. Rd5+ Ke8 46. f7+ Ke7 47. Rd7+ Kxe6 48. f8Q Kxd7 49. Qf7+ 1-0

[Event "BL2 Ost 1415 (Women)"]
[Site "Germany"]
[Date "2014.09.28"]
[Round "2.2"]
[White "Khuong, Thi Hong Nhung"]
[Black "Skibbe, Diana"]
[Result "0-1"]
[WhiteElo "2040"]
[BlackElo "2043"]
[PlyCount "66"]
[EventDate "2014.09.27"]
[EventType "team-tourn"]
[EventRounds "7"]
[EventCountry "GER"]
[SourceTitle "CBM 166 Extra"]
[Source "ChessBase"]
[SourceDate "2015.06.18"]
[SourceVersion "1"]
[SourceVersionDate "2015.06.18"]
[SourceQuality "1"]
[WhiteTeam "Berlin Empor (W)"]
[BlackTeam "Zeulenroda (W)"]
[WhiteTeamCountry "GER"]
[BlackTeamCountry "GER"]

1. d4 f5 2. c4 Nf6 3. Nc3 g6 4. Nf3 d6 5. h3 Bg7 6. Bf4 0-0 7. Qd2 Ne4 8. Nxe4 fxe4 9. Ng5 d5 10. cxd5 h6 11. Ne6 Bxe6 12. dxe6 Qxd4 13. Qxd4 Bxd4 14. e3 Bxb2 15. Rb1 Bc3+ 16. Kd1 Nc6 17. Bxc7 Rxf2 18. Rb3 Ba5 19. Rxb7 Bb4 20. Bc4 Raf8 21. g4 Rd2+ 22. Kc1 Rff2 23. Bg3 Rg2 24. Rc7 Rc2+ 25. Kb1 Rb2+ 26. Kc1 Rgc2+ 27. Kd1 Rd2+ 28. Kc1 Rbc2+ 29. Kb1 Rxc4 30. Rc8+ Rd8 31. Rc7 Rb8 32. Rxc6 Bd6+ 33. Ka1 Rxc6 0-1